| 000 | 02202nam0a2200409 4500 | ||
|---|---|---|---|
| 001 | RU\NLR\BIBL_A\012234002 | ||
| 005 | 20200622104927.0 | ||
| 010 |
_a978-5-91730-890-6 _9200 |
||
| 021 |
_aRU _bКН-П-20-001774 _9КН-П-20-0123 |
||
| 035 | _a(NLR Aleph) 012234002 | ||
| 035 | _a(RuMoRGB)010231214 | ||
| 090 |
_a11000306 _c11000306 |
||
| 100 | _a20200302d2019 k y0rusy50 ca | ||
| 101 | 0 |
_arus _achu |
|
| 102 | _aRU | ||
| 105 | _aach|zzzz1||zy | ||
| 181 | 0 |
_ai _baxxe |
|
| 182 | 0 | _an | |
| 200 | 1 |
_aXVI Тихомировские краеведческие чтения _eматериалы научной конференции, Ярославль, 19-20 октября 2017 года _fДепартамент культуры Ярославской области, Ярославский государственный историко-архитектурный и художественный музей-заповедник |
|
| 203 |
_aТекст _bвизуальный _cнепосредственный |
||
| 210 |
_aЯрославль _c[б. и.] _d2019 |
||
| 215 |
_a301, [3] с., [26] л. ил., цв. ил., портр., факс. _cтабл. _d22 |
||
| 300 | _aНа тит. л. и обл.: К 100-летию революций в России | ||
| 300 | _aЧасть текста старослав. | ||
| 320 | _aБиблиогр. в подстроч. примеч. | ||
| 517 | 1 | _aШестнадцатые Тихомировские краеведческие чтения | |
| 606 | 1 |
_aМузееведение _yЯрославская область _jСъезды, совещания и т.п _2nlr_sh2 _3RU\NLR\AUTH\6601670702 |
|
| 607 |
_aЯрославская область _xИстория _jСъезды, совещания и т.п _2nlr_sh1 _2nlr_sh2 _3RU\NLR\AUTH\66940640 |
||
| 686 | 1 | _aТ3(2Р-4Яр)я431 | |
| 686 | 1 | _aЧ774(2Р-4Яр)я431 | |
| 710 | 1 | 2 |
_aТихомировские краеведческие чтения _d16 _f2017 _eЯрославль _3RU\NLR\AUTH\880519682 |
| 942 | _cBOOK | ||
| 980 | _aNBR | ||
| 980 | _aNB | ||